The resurrection of the dead. (Record no. 7606)

000 -LEADER
fixed length control field 00562nam a2200193 a 4500
001 - CONTROL NUMBER
control field :::00005367$&:&@@
003 - CONTROL NUMBER IDENTIFIER
control field OkBaRHE
005 - DATE AND TIME OF LATEST TRANSACTION
control field 20000607103325.0
008 - FIXED-LENGTH DATA ELEMENTS--GENERAL INFORMATION
fixed length control field s1866 j 000 0 eng u
040 ## - CATALOGING SOURCE
Transcribing agency
100 1# - MAIN ENTRY--PERSONAL NAME
Personal name Mott, George S.
245 14 - TITLE STATEMENT
Title The resurrection of the dead.
260 ## - PUBLICATION, DISTRIBUTION, ETC. (IMPRINT)
Place of publication, distribution, etc New York, NY., :
Name of publisher, distributor, etc N. Tibbals
Date of publication, distribution, etc 1866
300 ## - PHYSICAL DESCRIPTION
Extent 230 p. ;
Dimensions : 17 cm.
650 ## - SUBJECT ADDED ENTRY--TOPICAL TERM
Topical term or geographic name as entry element Jesus Christ Resurrection
650 ## - SUBJECT ADDED ENTRY--TOPICAL TERM
Topical term or geographic name as entry element Resurrection
942 ## - ADDED ENTRY ELEMENTS (KOHA)
Source of classification or shelving scheme
Koha item type Books
Copies
Shelving location Date last seen Lost status Copy number Barcode Price effective from Source of classification or shelving scheme Damaged status Full call number Koha item type Withdrawn status Date acquired Permanent Location Current Location Not for loan
General Stacks2018-04-19Missing153672010-04-14  BT 481 .M6Books 2010-04-14RHEMA Bible Training CollegeRHEMA Bible Training College